Leading at a higher level : Blanchard on leadership and creating high performing organisations

Saved in:
Bibliographic Details
Main Author: Blanchard, Kenneth H.
Corporate Author: Ken Blanchard Companies
Format: Book
Language:English
Published: Harlow, England : Prentice Hall, c2007
Subjects:
Tags: Add Tag
No Tags, Be the first to tag this record!

MARC

LEADER 00000cam a2200000 i 4500
001 1/40528
008 140122s2007 eng d
020 |a 978-0-273-71042-4 
020 |a 0-273-71042-7 
035 |l 10116403 
040 |a GR-MY-UA  |b gre  |e aacr 
041 0 |a eng 
082 0 |a 658.4092  |2 (22) 
100 1 |a Blanchard, Kenneth H. 
245 1 0 |a Leading at a higher level :  |b Blanchard on leadership and creating high performing organisations /  |c the founding associates and consulting partners of the Ken Blanchard Companies ; with an introduction by Ken Blanchard 
260 |a Harlow, England :   |b Prentice Hall,   |c c2007 
300 |a xxvi, 351 σ.;  |c 24 εκ. 
504 |a Βιβλιογραφία: σ. 295-306. Ευρετήριο 
650 0 0 |a Leadership. 
650 0 0 |a Organizational effectiveness. 
710 2 |a Ken Blanchard Companies. 
852 |a INST  |b SYROS  |e 20140122  |h 658.4092 BLA  |p 005500011272  |q 005500011272  |t BK  |y 0 
901 |a BIBL5-2014-1 
909 |a Ε  |b 174711 
970 |a ΚΟΝΤΟΥ  |b ΠΑΡΑΣΚΕΥΗ  |z 2014/01/22